LeAnn Rimes Charting Songs (Billboard Hot 100) - Statistics

General Stats
  • This quiz has been taken 9 times
  • The average score is 5 of 12
Answer Stats
Album Weeks On Peak Artist(s) Song % Correct
Blue 20 Weeks #26 LeAnn Rimes Blue
88%
Coyote Ugly 42 Weeks #11 LeAnn Rimes Can't Fight the Moonlight
88%
You Light Up My Life: Inspirational Songs 69 Weeks #2 LeAnn Rimes How Do I Live
63%
Jesus 25 Weeks #11 LeAnn Rimes I Need You
50%
Family 13 Weeks #73 LeAnn Rimes Nothin' Better to Do
38%
Elton John and Tim Rice's Aida 10 Weeks #29 Elton John & LeAnn Rimes Written in the Stars
38%
You Light Up My Life: Inspirational Songs 20 Weeks #34 LeAnn Rimes You Light Up My Life
38%
This Woman 19 Weeks #52 LeAnn Rimes Nothin 'Bout Love Makes Sense
25%
This Woman 14 Weeks #54 LeAnn Rimes Probably Wouldn't Be This Way
25%
Quest for Camelot 24 Weeks #18 LeAnn Rimes Looking Through Your Eyes
13%
This Woman 18 Weeks #51 LeAnn Rimes Something's Gotta Give
13%
LeAnn Rimes 20 Weeks #23 LeAnn Rimes Big Deal
0%
No matching quizzes found
Score Distribution
Percent of People with Each Score
Percentile by Number Answered
Your Score History
You have not taken this quiz